|
|
|
|
| LEADER |
01073nab a2200289 i 4500 |
| 001 |
publ34772 |
| 005 |
20241003083440.0 |
| 008 |
241003s2024 hu o 000 eng d |
| 022 |
|
|
|a 0020-1383
|
| 024 |
7 |
|
|a 10.1016/j.injury.2024.111529
|2 doi
|
| 024 |
7 |
|
|a 35419480
|2 mtmt
|
| 040 |
|
|
|a SZTE Publicatio Repozitórium
|b hun
|
| 041 |
|
|
|a eng
|
| 100 |
1 |
|
|a Kurokawa Takayuki
|
| 245 |
1 |
0 |
|a Anterior cruciate ligament reconstruction in the elderly
|h [elektronikus dokumentum] :
|b 5-Year follow-up study /
|c Kurokawa Takayuki
|
| 260 |
|
|
|c 2024
|
| 300 |
|
|
|a 7
|
| 490 |
0 |
|
|a INJURY: INTERNATIONAL JOURNAL OF THE CARE OF THE INJURED
|v 55 No. Suppl. 3
|
| 650 |
|
4 |
|a Klinikai orvostan
|
| 700 |
0 |
1 |
|a Csete Károly
|e aut
|
| 700 |
0 |
1 |
|a Jávor Péter János
|e aut
|
| 700 |
0 |
1 |
|a Sándor Lilla
|e aut
|
| 700 |
0 |
1 |
|a Baráth Bálint
|e aut
|
| 700 |
0 |
1 |
|a Holovic Helga
|e aut
|
| 700 |
0 |
1 |
|a Török László
|e aut
|
| 700 |
0 |
1 |
|a Hartmann Petra
|e aut
|
| 856 |
4 |
0 |
|u http://publicatio.bibl.u-szeged.hu/34772/1/Anterior-cruciate-ligament-reconstruction-in-the-elderly--5-Year-f_2024_Inju.pdf
|z Dokumentum-elérés
|